00681nam a2200205Ia 4500008004000000020001800040041000800058082001500066100002800081245004000109260004100149300001000190650001700200650001400217650001400231690002200245906001100267999001900278952017800297210210b2016 xxu||||| |||| 00| 0 eng d a9789385462924 aeng a547.5 PARC aPARASHAR (Rakesh Kumar) aChemistry of heterocyclic compounds aNew DelhibAne Books Pvt. Ltd.c2016 ax,389 aheterocyclic acompounds aChemistry aOrganic Chemistry a072867 c122774d122774 001040708ChemistryaALbALcChemistryd2021-02-17eR V Book Distributors, Bengaluru-560061g495.00l1o547.5 PARCp072867r2023-12-29 00:00:00s2023-08-02w2021-02-17yBK